000 00539nam a2200145 a 4500
008 120416s1977 ||||||||||||||||| || u
050 _aHT 167 Pre
100 _aPred, Allan
245 1 0 _aCity-systems in advanced economics
246 _apast growth, present processes and future development options
260 _aLondon
_bHutchinson
_c1977
300 _a256p. : ill
350 _a0.00
995 _D0.00
_FCBU-MAIN LIBRARY (Kitwe)
_H1
_I0.00
_UAVAILABLE
_ZAnnex Low-Usage Collection
999 _c37480
_d37480